Verejná podpora univerzít v regionálnych inovačných systémoch diplomová práca

Guardado en:
Detalles Bibliográficos
Autor principal: Töröková, Nikoleta
Autor Corporativo: Národohospodárska fakulta EU. Katedra verejnej správy a regionálneho rozvoja
Otros Autores: Šipikal, Miroslav, 1976-
Formato: Libro
Lenguaje:eslovaco
Publicado: Bratislava 2020
Etiquetas: Agregar Etiqueta
Sin Etiquetas, Sea el primero en etiquetar este registro!

MARC

LEADER 00000nbm a2200000 4500
001 0264410
005 20200925085714.9
041 0 |a slo 
044 |a SK 
245 1 0 |a Verejná podpora univerzít v regionálnych inovačných systémoch  |b diplomová práca  |c Nikoleta Töröková ; školiteľ: Miroslav Šipikal 
264 1 |a Bratislava  |c 2020 
300 |a 57 s. 
100 1 |a Töröková, Nikoleta 
700 1 |a Šipikal, Miroslav, 1976- 
710 2 |a Národohospodárska fakulta EU. Katedra verejnej správy a regionálneho rozvoja